000 00612nam a2200205Ii 4500
003 JO-AjNU
008 230605s9999||||xx |||||||||||||| ||und||
040 _aJO-AjNU
_bara
_erda
_cJO-AjNU
041 _aara
050 1 4 _aRM721.Y6812 1993
100 3 _aيونغ ، جاكلين,
_eauthor
_915162
245 0 0 _aالتدليك الذاتي
250 _aط1
264 3 1 _aبيروت:دار العربية للعلوم ، 1993
300 _a124ص
336 _atext
_btxt
_2rdacontent
337 _aunmediated
_bn
_2rdamedia
338 _avolume
_bnc
_2rdacarrier
650 4 _aالتدليك الذاتي
_915163
999 _aA4217
_c7785
_d7785